LDR 00657naa#a2200169#i#450# 001 EN\INFRA-M\bibl\122481 005 20260516074102.6 011 ## _a1998-0744 100 ## _a20260429b2026####ek#y0engy0150####ca 102 ## _aRU 200 1# _aAn Integrative Methodological Framework for the Implementation of a Unified Career Guidance Model “Ticket to the Future” _eJournal article 210 1# _aMoscow _cINFRA-M Academic Publishing LLC. _d2026 215 ## _a6 с. 608 ## _aJournal article _2local 675 ## _aОрганизация воспитания и образования. Школоведение. 371 _z 700 #1 _aNechaev _gMikhail Petrovich 856 4# _anaukaru.ru _u